000 00983nam a2200301 a 4500
001 000019514
003 DO-SdBNP
005 20260114102846.0
007 ta
008 100629s1982 flua 000 0 spa d
020 _a0899221912
040 _aDO-SdBNP
_bspa
_cBNPHU
041 1 7 _aspa
_heng
_2Código de idioma MARC
049 _aBNGR
082 _a153.4
_bC834e
100 1 _aCosgrove, Mark P.,
_941881
240 1 4 _aThe essence of human nature.
_lEspañol.
245 1 3 _aLa esencia de la naturaleza humana /
_cMark P. Cosgrove ; traducción de Carlos Alonso Vargas.
260 _aFlorida :
_bCaribe,
_c1982.
300 _a80 P. :
_bil. ;
_c21 cm.
534 _pTítulo original en inglés:
_aThe essence of human nature.
_cProbe Ministries International, 1977
650 0 _aConducta (Psicología)
_9673
650 4 _aEsencias
_941882
650 0 _aPensamiento
_922995
650 4 _aRazonamiento
_91177
700 1 _aVargas, Carlos Alonso,
_etr.
_941883
942 _2ddc
_cLBS1
999 _c19030
_d19030